000 00537nam a2200181Ia 4500
008 100917s9999 xx 000 0 und d
082 _b27183
100 _aवुडहाउस पी. जी.
245 _aलांडा कारभार
260 _bअंतरकर आनंद अ.
_c1976
300 _a111
365 _b8.25
520 _aकादंबरी
630 _aलांडा कारभार
650 _aकादंबरी
730 _aलांडा कारभार
942 _cBOOK
999 _c632577
_d632574